| 000 | 00972nas a2200337 4500 | ||
|---|---|---|---|
| 001 | BR2011002022 | ||
| 003 | BR-BrBNA | ||
| 005 | 20231205114542.0 | ||
| 007 | ta | ||
| 008 | 230509b bl.|||p| |||| 00| 00por d | ||
| 040 |
_aBR-BrBNA _bpor _cBiblioteca Nacional de Agricultura |
||
| 041 | _a(Pt) | ||
| 072 | _aL70 | ||
| 100 | 1 | _aZimmermann, M. | |
| 100 | 1 | _aRaiser, A.G. | |
| 100 | 1 | _aBraga, F.V.A. | |
| 100 | 1 | _aTrindade, A.L.B. | |
| 100 | 1 | _aLopes, S.T.A. | |
| 245 | 1 | _aMembranas de látex natural na herniorrafia diafragmática experimental em cães | |
| 650 | _aCÃO | ||
| 650 | _aLESÃO | ||
| 650 | _aDIAFRAGMA | ||
| 650 | _aHÉRNIA | ||
| 650 | _aMEMBRANA | ||
| 650 | _aLÁTEX | ||
| 650 | _aCIRURGIA | ||
| 650 | _aVETERINÁRIA | ||
| 773 | 0 |
_tArquivo Brasileiro de Medicina Veterinária e Zootecnia (Brazil) _xISSN 0102-0935 _g(Dec 2008), v. 60(6) p. 1476-1483 _wBR2011002022 |
|
| 909 |
_a202311 _bLúcia _c55 _dLúcia Elande |
||
| 942 |
_2AGRIS _n0 _cANA |
||
| 999 |
_c209288 _d209288 |
||